عرض عادي عرض مارك
  • Schulz, Kenneth F.

مدخل إسم شخص

عدد التسجيلات المستخدمة في: 1

001 - رقم الضبط

  • حقل الضبط: 15908

003 - معرف رقم الضبط

  • حقل الضبط: OSt

005 - تاريخ ووقت أخر عملية

  • حقل الضبط: 20120623105733.0

008 - عناصر بيانات ثابتة الطول

  • حقل تحكم ثابت الطول: 120623|||a|||||| | ||| d

040 ## - مصدر الفهرسة

  • هيئة الفهرسة الأصلية: OSt
  • وكالة الكتابة: OSt

100 ## - مدخل -- أسم شخص

  • إسم شخص: Schulz, Kenneth F.

670 ## - بيانات المصدر موجوده

  • الاستشهاد بالمصدر: Work cat.: (OSt)0: Schulz, Kenneth F., The Lancet handbook of essential concepts in clinical research /, 2006.